000 00848nam a2200121Ia 4500
008 220620s9999||||xx |||||||||||||| ||und||
100 _aGevorkyan, Е.S.||Rucki, M.||Nerubatskyi, V.P.||Żurowski, W.||Siemiątkowski, Z.||Morozow, D.||Kharatyan, A.G.
245 0 _aRemanufacturing and Advanced Machining Processes for New Materials and Components
546 _aEnglish[eng]
650 _abeam coating methods;diamond and diamond spark grinding;electrolyte-plasma quenching;industrial transport;lost foam casting;manufacturing;railway transport;remanufacturing;repairing and strengthening cladding;surface engineering methods;thermal and vacuum spraying;thermoelastoplastic techniques;titanium nitride coatings;ultrasonic machining methods
856 _uhttps://library.oapen.org/bitstream/20.500.12657/52630/1/9781000528664.pdf
942 _cEB
999 _c31252
_d31252